Región Atlántica /

Gorde:
Xehetasun bibliografikoak
Egile nagusia: Smith, David
Formatua: Ezezaguna
Hizkuntza:Spanish
Gaiak:
Etiketak: Etiketa erantsi
Etiketarik gabe, Izan zaitez lehena erregistro honi etiketa jartzen!

MARC

LEADER 000000000a22000000004500
001 007722
041 0 |a spa 
100 1 |a Smith, David 
245 1 0 |a Región Atlántica /   |c David Smith. 
310 |a Semestral 
650 4 |a NEGROS EN COSTA RICA 
650 4 |a IDENTIDAD CULTURAL 
650 4 |a LIMON (COSTA RICA) 
650 4 |a MESTIZAJE 
773 0 |d San José, Costa Rica : Editorial de la Universidad de Costa Rica  |t Herencia  |g volumen 1, número 2 (1989), páginas 30-32 
942 |c ARC 
999 |c 14599  |d 14599